Największe państwa graniczące z Oceanem Indyjskim - Statystyki

Ogólne statystyki
  • Ten quiz został rozwiązany 17 razy
  • Średni wynik to 8 z 10
Statystyki odpowiedzi
km2 Graniczy przez... Państwo % Poprawnych
2,149 690 Morze Czerwone, Zatokę Perską Arabia Saudyjska
100%
3 287 263 Morze Arabskie, Zatokę Bengalską, ... Indie
100%
7 692 024 bezpośrednio Australia
93%
1 648 195 Morze Arabskie, Zatokę Perską Iran
93%
881 912 Morze Arabskie Pakistan
93%
1 910 931 bezpośrednio Indonezja
87%
1 002 450 Morze Czerwone Egipt
80%
1 886 068 Morze Czerwone Sudan
67%
945 087 bezpośrednio Tanzania
67%
1 221 037 bezpośrednio Republika Południowej Afryki
60%
Nie znaleziono quizów pasujących do podanych kryteriów
Rozkład punktacji
Procent ludzi z każdym wynikiem
Percentyl według liczby udzielonych odpowiedzi
Twoja historia wyników
Nie rozwiązałeś tego quizu